000 00441nam a2200181Ia 4500
008 100920s9999 xx 000 0 und d
082 _b54841
_a6 थ 85
100 _aKILL CRUDE.
245 _aMACK BOLAN.
260 _bA GOLD EAGLE BOOK.
_c1985
300 _a186
_bसाधी
365 _b15
520 _aई.एल. एफ.
630 _aMACK BOLAN.
650 _aई.एल. एफ.
730 _aMACK BOLAN.
942 _cBOOK
999 _c699454
_d699451